Engineering Mechanics: Statics and Dynamics (Record no. 67145)

MARC details
000 -LEADER
fixed length control field 00467nam a22001577a 4500
082 ## - DEWEY DECIMAL CLASSIFICATION NUMBER
Classification number 620.1HIB
100 ## - MAIN ENTRY--AUTHOR NAME
Personal name Hibbeler,R.C
245 ## - TITLE STATEMENT
Title Engineering Mechanics: Statics and Dynamics
260 ## - PUBLICATION, DISTRIBUTION, ETC. (IMPRINT)
Place of publication London:
Name of publisher Pearson,
Year of publication 2010.
300 ## - PHYSICAL DESCRIPTION
Number of Pages 732p. ;
650 ## - SUBJECT ADDED ENTRY--TOPICAL TERM
Topical Term Engineering Mechanics: Statics and Dynamics
650 ## - SUBJECT ADDED ENTRY--TOPICAL TERM
Topical Term Engineering Mechanics: Statics
650 ## - SUBJECT ADDED ENTRY--TOPICAL TERM
Topical Term Engineering Mechanics- Dynamics
856 ## - ELECTRONIC LOCATION AND ACCESS
Uniform Resource Identifier http://10.10.170.122:8080/browse/book/157
942 ## - ADDED ENTRY ELEMENTS (KOHA)
Koha item type Books
Holdings
Withdrawn status Lost status Home library Current library Date acquired Full call number Accession Number Koha item type
    Central Library, QUEST, Nawabshah Central Library, QUEST, Nawabshah 09/08/2021 620.1HIB D2055 Books